An introduction to sustainable development

Bibliographic Details
Main Author: Elliott, Jennifer A.
Format: Book
Published: London : Routledge , 1999
Edition:2nd ed
Subjects:

MARC

LEADER 00000cam a2200000 7i4500
001 0000015972
005 20220511.0
020 |a 0415191513 
040 |a INS 
090 0 0 |a HC59.72 E5   |b E43 1999 
100 1 |a Elliott, Jennifer A. 
245 1 3 |a An introduction to sustainable development   |c Jeniffer A. Elliott 
250 |a 2nd ed 
260 |a London :   |b Routledge ,   |c 1999 
300 |a xiv, 215p. :   |b 24cm 
504 |a Includes bibliographical references and index 
650 0 0 |a Environmental policy   |x Developing countries 
650 0 0 |a Sustainable development   |x Developing countries 
999 |a 0000015904   |b BOOK   |c Open Shelf   |e Default branch